000 00606nam a2200205 i 4500
001 bg
100 1 _aPIASECKI, Bogdan.
245 0 _aPrzedsiębiorczość i mała firma :
_bteoria i praktyka /
_cBogdan Piasecki.
260 _aŁódź :
_bWydaw. Uniwersytetu Łódzkiego,
_c1997.
300 _a224 s. :
_bwykr. ;
_c24 cm.
504 _aBibliogr. s. 220-224.
650 9 _aPrzedsiębiorstwa małe i średnie
_zPolska
020 _a8371710585
040 _cBPK
041 0 _apl
080 _a658.11:334.72](438)
920 _a83-7171-058-5
942 _cKS
008 s pl f |000 0 pol
999 _c32254
_d32254
856 _uhttp://koha.tu.koszalin.pl/cgi-bin/koha/opac-detail.pl?biblionumber=32254
_yKatalog online BPK